Les pokémon qui tapent le plus fort sur le spécial - Statistiques

Statistiques générales
  • Ce quiz a été pris 33 fois
  • Le résultat moyen est 65 sur 136
Statistiques - réponses
Atk spéciale Réponse % Correct
150 Dialga
91%
150 Palkia
91%
154 Mewtwo
87%
150 Deoxys
83%
150 Reshiram
83%
135 Alakazam
78%
150 Kyogre
78%
130 Kyurem
78%
175 Méga Alakazam
78%
165 Méga Gardevoir
78%
194 Méga Mewtwo Y
78%
135 Darkrai
74%
125 Gardevoir
74%
180 Primo-Kyogre
74%
120 Arceus
70%
173 Cablifère
70%
180 Deoxys-Attaque
70%
159 Méga Dracaufeu Y
70%
170 Méga Ectoplasma
70%
135 Méga Tortank
70%
131 Xerneas
70%
131 Yveltal
70%
130 Ectoplasma
65%
145 Ethernatos
65%
137 Lunala
65%
154 Méga Mewtwo X
65%
180 Méga Rayquaza
65%
125 Sulfura
65%
125 Créfadet
61%
125 Electhor
61%
125 Fulguris
61%
130 Méga Dracaufeu X
61%
122 Méga Florizarre
61%
140 Méga Lucario
61%
135 Miraidon
61%
150 Rayquaza
61%
120 Zekrom
61%
125 Boréas
57%
135 Flotte-Mèche
57%
130 Heatran
57%
170 Kyurem Blanc
57%
125 Lézargus
57%
145 Lugulabre
57%
130 Magearna
57%
127 Mandrillon
57%
120 Méga Drattak
57%
135 Méga Elecsprint
57%
145 Méga Jungko
57%
151 Pierroteknik
57%
135 Yuyu
57%
137 Cancrelove
52%
122 Chef de Fer
52%
120 Garde De Fer
52%
170 Hoopa-Déchaîné
52%
137 Ire-Foudre
52%
129 Keldeo
52%
130 Magnézone
52%
120 Méga Carchacrok
52%
140 Méga Démolosse
52%
160 Méga Diancie
52%
135 Méga Roucarnage
52%
127 Necrozma
52%
126 Oratoria
52%
150 Primo-Groudon
52%
125 Serpente-Eau
52%
136 Sorcilence
52%
125 Trioxhydre
52%
167 Ultra Necrozma
52%
130 Volcanion
52%
120 Genesect
48%
120 Giratina forme Originelle
48%
120 Kyurem Noir
48%
130 Latios
48%
160 Méga Latios
48%
120 Méga Oniglali
48%
165 Méga Pharamp
48%
135 Pyrax
48%
150 Dialga Forme Originelle
43%
145 Lucanon
43%
125 Maganon
43%
130 Méga Braségali
43%
140 Méga Latias
43%
150 Palkia Forme Originelle
43%
135 Porygon Z
43%
145 Spectreval
43%
165 Sylveroy Cavalier de l'Effroi
43%
125 Symbios
43%
130 Tokopiyon
43%
153 Amphinobi-Sacha
39%
124 Hotte de Fer
39%
120 Kadabra
39%
132 Méga Blizzaroi
39%
145 Méga Camérupt
39%
128 Meloetta
39%
130 Mentali
39%
120 Shaymin Céleste
39%
120 Togekiss
39%
127 Zeroid
39%
135 Amovénus
35%
145 Fulguris-Totémique
35%
130 Givrali
35%
120 Magneton
35%
140 Mite de Fer
35%
125 Noadkoko
35%
121 Pelage Sablé
35%
125 Pondralugon
35%
133 Gromago
30%
150 Hoopa-Enchaîné
30%
120 Pomdorochi
30%
125 Roserade
30%
122 Têtes de Fer
30%
125 Artikodin de Galar
26%
145 Corayome
26%
135 Draïeul
26%
140 Froussardine-Banc
26%
157 Necrozma Ailes de l'Aurore
26%
120 Zoroark
26%
135 Amovénus-Totémique
22%
125 Beldeneige
22%
140 Darumacho-Zen
22%
120 Duralugon
22%
130 Floréclat
22%
130 Méga Flagadoss
22%
125 Neitram
22%
125 Carmadura
17%
140 Exagide Forme Assaut
17%
125 Noadkoko d'Alola
17%
134 Polthégeist
13%
121 Théffroyable
13%
125 Arboliva
9%
130 Fortusimia
9%
125 Meios
9%
120 Nigirigon
9%
135 Ursaking Lune Vermeille
9%
120 Gamblast
4%
125 Zoroark de Hisui
4%
Aucun quiz correspondant
Distribution des résultats
% des personnes avec chaque résultat
Percentile par nombre de réponses
Votre historique - résultats
Vous n’avez pas pris ce quiz